Statistics for All cities named "Santiago" with map

Click here to take the quiz!

General Stats

  • This quiz has been taken 44 times
  • The average score is 5 of 13

Answers on the Map

Answers color-coded by a green-red scale on the quiz's map according to % correct below.
 

Answer Stats

CityCountryPopulation% Correct
Santiago de ChileChile6.269k
97%
Santiago de CubaCuba556k
79%
Santiago de CompostelaSpain96k
66%
Santiago del EsteroArgentina252k
34%
Santiago de los CaballerosDominican Republic1.173k
34%
Santiago de CaliColmbia2.228k
29%
Santiago de CarigPhilippines149k
24%
Santiago de GuayaquilEcuador2.698k
24%
Santiago de QuerétaroMexico795k
18%
Santiago de León de CaracasVenezuela2.246k
18%
San Felipe y Santiago de Montevideo

Full title: Muy Fiel y Reconquistadora Ciudad de San Felipe y Santiago de Montevideo /
The Very Loyal and Reconquering City of San Felipe y Santiago de Montevideo
Uruguay1.719k
16%
Santiago de los Caballeros de LeónNicaragua211k
13%
Santiago de los Caballeros de MéridaVenezuela200k
13%

Score Distribution

Percentile by Number Answered

Percent of People with Each Score

Your Score History

You have not taken this quiz